| 000 | 00648cam a22002293a 4500 | ||
|---|---|---|---|
| 001 | 20220 | ||
| 003 | PGUSA | ||
| 005 | 20140828083428.0 | ||
| 008 | 061229s2006||||xxu|||||s|||||000 | eng d | ||
| 040 |
_aPGUSA _beng |
||
| 042 | _adc | ||
| 050 | 4 | _aLB | |
| 100 | 1 |
_aBetts, George Herbert, _d1868-1934 |
|
| 245 | 1 | 4 |
_aThe Mind and Its Education _h[electronic resource] / _cGeorge Herbert Betts |
| 260 |
_bProject Gutenberg, _c2006 |
||
| 506 | _aPublic domain in the USA. | ||
| 516 | _aElectronic text | ||
| 653 | _aEducational psychology | ||
| 830 | 0 |
_aProject Gutenberg _v20220 |
|
| 856 | 4 | 0 | _uhttp://www.gutenberg.org/ebooks/20220 |
| 942 | _cEB | ||
| 999 |
_c249475 _d249475 |
||